[Event "St Ingbert op"]
[Site "St Ingbert"]
[Date "1991.??.??"]
[Round "2"]
[White "Arapovic, Vitomir"]
[Black "Hamm, Karl Reiner"]
[Result "1-0"]
[WhiteElo "2395"]
[BlackElo "2085"]
[PlyCount "41"]
[EventDate "1991.08.??"]
[EventType "swiss"]
[EventRounds "9"]
[EventCountry "GER"]
[SourceTitle "EXT 1997"]
[Source "ChessBase"]
[SourceDate "1996.11.15"]
[SourceVersion "1"]
[SourceVersionDate "1996.11.15"]
[SourceQuality "1"]

1. e4 d6 2. Nc3 Nf6 3. d4 g6 4. Bg5 Bg7 5. f4 c6 6. Qd2 b5 7. a3 a6 8. Nf3 Qc7 9. e5 Nfd7 10. 0-0-0 dxe5 11. fxe5 Nb6 12. Bh6 0-0 13. h4 f6 14. h5 g5 15. Bxg5 fxg5 16. h6 Bf5 17. hxg7 Rf7 18. Nxg5 Rxg7 19. Qf4 Qd7 20. e6 Bxe6 21. Bd3 1-0